Geography Quiz

Random Geography or State Quiz

'New' Ultimate Geography Challenge Quiz Stats

 Plays Quiz not verified by Sporcle

Challenge
Share
Tweet
Embed
Score 0/7 Timer 01:30
1 Play Today
% Correct
None
100%
New York
97.9%
New Jersey
97.4%
New Mexico
97.4%
New Zealand
95.7%
New Hampshire
95.7%
New Delhi
77.9%

You're not logged in!

Compare scores with friends on all Sporcle quizzes.
Join for Free
OR
Log In

You Might Also Like...

Show Comments

Extras

Top Quizzes Today


Score Distribution

Your Account Isn't Verified!

In order to create a playlist on Sporcle, you need to verify the email address you used during registration. Go to your Sporcle Settings to finish the process.

Report this User

Report this user for behavior that violates our Community Guidelines.

Details: